000 00842nam a2200241Ia 4500
003 GCL
008 140319s9999 xx 000 0 ara d
020 _a8462232977
040 _aGCL /
_cGCL
082 0 4 _a370.152
_bم ت
100 1 _aمجدى عزيز ابراهيم
245 1 0 _aالتدريس الابداعى وتعلم التفكير /
_cمجدى عزيز ابراهيم
250 _aالاولى
260 _aالقاهرة :
_bعالم الكتب ،
_c2005
300 _a517 ص ؛
_c24 سم
490 _aسلسلة التفكير والتعليم والتعلم
_v3
650 0 4 _aطرق التدريس
650 0 4 _aالوسائل التعليمية
650 0 4 _aالقدرة الخلاقة
650 0 4 _aالتعليم - الطرق التجريبية
650 0 4 _aالتدريس والابداع
942 _2ddc
_cBK
999 _c9717
_d9717